Estudios sobre el duelo : (Record no. 156460)

MARC details
000 -LEADER
campo de control de longitud fija 00966nam a2200205 i 4500
001 - NÚMERO DE CONTROL
campo de control 156460
003 - IDENTIFICADOR DE NÚMERO DE CONTROL
campo de control ES-MaACL
005 - FECHA Y HORA DE LA ÚLTIMA TRANSACCIÓN
campo de control 20250930063134.0
008 - DATOS DE LONGITUD FIJA--INFORMACIÓN GENERAL
campo de control de longitud fija 931025s1848 sp |||| | spa d
080 ## - NÚMERO DE LA CLASIFICACIÓN DECIMAL UNIVERSAL
Número de la Clasificación Decimal Universal 397.7
100 1# - ENTRADA PRINCIPAL--NOMBRE DE PERSONA
Nombre de persona Jove y Hevia, Plácido de,
Títulos y otros términos asociados al nombre Vizconde de Campo Grande
9 (RLIN) 67050
245 10 - MENCIÓN DEL TÍTULO
Título Estudios sobre el duelo :
Resto del título con aplicación a las disposiciones que acerca de el contiene el proyecto de Código penal leído por el Congreso [sic] en el Senado en la sesión del día 3 de febrero de 1848 /
Mención de responsabilidad, etc. por Plácido Jove y Hevia.
260 ## - PUBLICACIÓN, DISTRIBUCIÓN, ETC.
Lugar de publicación, distribución, etc. Madrid :
Nombre del editor, distribuidor, etc. [s.n.],
Fecha de publicación, distribución, etc. 1848 (
Fabricante Imp. de D.L. Cordon)
300 ## - DESCRIPCIÓN FÍSICA
Extensión 33 p. ;
Dimensiones 20 cm.
530 ## - NOTA DISPONIBLE DE FORMULARIO FÍSICO ADICIONAL
Nota de formato físico adicional disponible Disponible en formato digital.
650 #4 - PUNTO DE ACCESO ADICIONAL DE MATERIA--TÉRMINO DE MATERIA
Término de materia o nombre geográfico como elemento de entrada Duelos.
9 (RLIN) 11988
852 4# - LOCALIZACIÓN
Ubicación ES-MaACL
Número de control de estantería T-29-F-7
Nota libre - Enc. hol.
-- - Enc. en un vol. facticio
856 4# - LOCALIZACIÓN Y ACCESO ELECTRÓNICOS
Identificador Uniforme de Recursos <a href="http://bibliotecavirtual.asturias.es/i18n/consulta/registro.cmd?id=1497">http://bibliotecavirtual.asturias.es/i18n/consulta/registro.cmd?id=1497</a>
Nota pública Biblioteca Virtual del Principado de Asturias
Holdings
Estatus retirado Estado de pérdida Estado de daño No para préstamo Colección Biblioteca de origen Biblioteca actual Ubicación en estantería Fecha de adquisición Total de préstamos Signatura topográfica completa Código de barras Visto por última vez Precio de reemplazo Tipo de ítem Koha
        Colección de folletos Biblioteca del Ateneo de Madrid Biblioteca del Ateneo de Madrid Depósito folletos 17/01/2008   T-29-F-7 1163691 23/02/2023 23/02/2023 Folleto